000 01220nam a2200385 i 4500
001 54417
003 KOSZ 005
005 20200302140524.0
008 070531s2007 pl a f |000 0 pol
015 _aPB 13985/2007
020 _a9788374933087
040 _cWA N
_aWA N
_dKOSZ 005/HR
041 _apol
044 _aPOL
046 _k2007
080 _a621.833
080 _a62-82
100 1 _aStryczek, Jarosław
_eAutor
245 1 0 _aKoła zębate maszyn hydraulicznych /
_cJarosław Stryczek.
260 _aWrocław :
_bOficyna Wydawnicza Politechniki Wrocławskiej,
_c2007.
300 _a326 s. :
_bil. ;
_c24 cm.
336 _2rdacontent
_aTekst
_btxt
337 _2rdamedia
_aBez urządzenia pośredniczącego
_bn
338 _2rdacarrier
_aWolumin
_bnc
380 _aKsiążki
388 _a2001-
504 _aBibliogr. s. 319-322.
650 4 _aHydraulika
650 4 _aUrządzenia
650 4 _aKoła zębate
658 _aInżynieria i technika
710 2 _aOficyna Wydawnicza Politechniki Wrocławskiej
_4pbl.
856 _uhttp://koha.tu.koszalin.pl/cgi-bin/koha/opac-detail.pl?biblionumber=54417
_yKatalog online BPK
942 _cKS
_2UKD
999 _c54417
_d54417